[Event "DVM U20 2023"]
[Site "Magdeburg GER"]
[Date "2023.12.27"]
[Round "2"]
[White "Mimkes, Antal"]
[Black "Trinh, Fabian Dat"]
[Result "1/2-1/2"]
[Termination "normal"]
[Board "5.2"]
[WhiteElo "1823"]
[BlackElo "1875"]
[WhiteClock "00:02:11"]
[BlackClock "00:07:39"]
[WhiteTeam "KSV Rochade Göttingen (Veltheim)"]
[BlackTeam "SV Hemer 1932"]
[PlyCount "68"]
[WhiteFideId "16265963"]
[BlackFideId "16243641"]
[EventCountry "GER"]
[EventRounds "7"]
[EventType "team-swiss"]
[EventDate "2023.12.26"]

1. e4 {[%clk 01:30:48]} {[%emt 00:00:12]} e5 {[%clk 01:30:50]} {[%emt
00:00:11]} 2. Nf3 {[%clk 01:30:47]} {[%emt 00:00:31]} Nc6 {[%clk 01:31:10]}
{[%emt 00:00:09]} 3. Bb5 {[%clk 01:30:46]} {[%emt 00:00:32]} a6 {[%clk
01:31:22]} {[%emt 00:00:18]} 4. Ba4 {[%clk 01:30:54]} {[%emt 00:00:22]} Nf6
{[%clk 01:31:31]} {[%emt 00:00:20]} 5. d4 {[%clk 01:30:25]} {[%emt 00:01:00]}
exd4 {[%clk 01:29:44]} {[%emt 00:02:16]} 6. O-O {[%clk 01:30:21]} {[%emt
00:00:34]} Be7 {[%clk 01:27:37]} {[%emt 00:02:37]} 7. e5 {[%clk 01:30:24]}
{[%emt 00:00:28]} Ne4 {[%clk 01:25:27]} {[%emt 00:02:39]} 8. Nxd4 {[%clk
01:30:12]} {[%emt 00:00:42]} O-O {[%clk 01:21:27]} {[%emt 00:04:30]} 9. Nf5
{[%clk 01:28:30]} {[%emt 00:02:14]} d5 {[%clk 01:17:06]} {[%emt 00:04:49]} 10.
exd6 {[%clk 01:26:36]} {[%emt 00:02:24]} Bxf5 {[%clk 01:04:53]} {[%emt
00:12:43]} 11. Bxc6 {[%clk 01:17:57]} {[%emt 00:09:08]} Nxd6 {[%clk 01:05:11]}
{[%emt 00:00:12]} 12. Bf3 {[%clk 01:17:30]} {[%emt 00:00:59]} Bf6 {[%clk
01:03:11]} {[%emt 00:02:27]} 13. Nc3 {[%clk 01:15:35]} {[%emt 00:02:27]} c6
{[%clk 01:01:38]} {[%emt 00:02:02]} 14. Rb1 {[%clk 01:09:16]} {[%emt 00:06:51]}
Re8 {[%clk 00:56:32]} {[%emt 00:05:36]} 15. Bf4 {[%clk 01:01:54]} {[%emt
00:07:52]} Nb5 {[%clk 00:54:01]} {[%emt 00:02:59]} 16. Nxb5 {[%clk 00:56:20]}
{[%emt 00:06:05]} Qxd1 {[%clk 00:50:07]} {[%emt 00:04:23]} 17. Bxd1 {[%clk
00:52:16]} {[%emt 00:04:35]} axb5 {[%clk 00:50:24]} {[%emt 00:00:13]} 18. g4
{[%clk 00:49:52]} {[%emt 00:02:54]} Be4 {[%clk 00:44:36]} {[%emt 00:06:18]} 19.
a3 {[%clk 00:46:16]} {[%emt 00:04:06]} h6 {[%clk 00:41:19]} {[%emt 00:03:46]}
20. Re1 {[%clk 00:40:54]} {[%emt 00:05:53]} g5 {[%clk 00:34:21]} {[%emt
00:07:28]} 21. Bd2 {[%clk 00:37:42]} {[%emt 00:03:42]} Kg7 {[%clk 00:33:35]}
{[%emt 00:01:15]} 22. Re3 {[%clk 00:29:58]} {[%emt 00:08:15]} Bg6 {[%clk
00:22:04]} {[%emt 00:12:00]} 23. Kf1 {[%clk 00:24:00]} {[%emt 00:06:29]} Rxe3
{[%clk 00:21:27]} {[%emt 00:01:07]} 24. Bxe3 {[%clk 00:24:13]} {[%emt
00:00:17]} Be5 {[%clk 00:21:29]} {[%emt 00:00:26]} 25. h4 {[%clk 00:19:45]}
{[%emt 00:05:00]} f6 {[%clk 00:14:35]} {[%emt 00:07:24]} 26. Ke2 {[%clk
00:08:13]} {[%emt 00:12:02]} Ra4 {[%clk 00:13:08]} {[%emt 00:01:58]} 27. hxg5
{[%clk 00:07:07]} {[%emt 00:01:36]} hxg5 {[%clk 00:13:18]} {[%emt 00:00:20]}
28. Kd2 {[%clk 00:02:40]} {[%emt 00:04:57]} Kf7 {[%clk 00:09:37]} {[%emt
00:04:10]} 29. Be2 {[%clk 00:02:36]} {[%emt 00:00:35]} Ke6 {[%clk 00:08:32]}
{[%emt 00:01:35]} 30. f3 {[%clk 00:02:21]} {[%emt 00:00:45]} Kd5 {[%clk
00:06:58]} {[%emt 00:02:04]} 31. Bd3 {[%clk 00:01:48]} {[%emt 00:01:03]} Bxd3
{[%clk 00:07:20]} {[%emt 00:00:08]} 32. Kxd3 {[%clk 00:02:02]} {[%emt
00:00:16]} b4 {[%clk 00:07:43]} {[%emt 00:00:08]} 33. axb4 {[%clk 00:02:02]}
{[%emt 00:00:29]} Rxb4 {[%clk 00:07:54]} {[%emt 00:00:19]} 34. c3 {[%clk
00:02:11]} {[%emt 00:00:21]} Ra4 {[%clk 00:07:39]} {[%emt 00:00:44]} 1/2-1/2

[Event "DVM U20 2023"]
[Site "Magdeburg GER"]
[Date "2023.12.27"]
[Round "2"]
[White "Dartmann Aubanell, Catriona"]
[Black "Mimkes, Pavel"]
[Result "0-1"]
[Termination "normal"]
[Board "5.3"]
[WhiteElo "1856"]
[BlackElo "1760"]
[WhiteTeam "SV Hemer 1932"]
[BlackTeam "KSV Rochade Göttingen (Veltheim)"]
[PlyCount "82"]
[WhiteFideId "24585270"]
[BlackFideId "12990833"]
[EventCountry "GER"]
[EventRounds "7"]
[EventType "team-swiss"]
[EventDate "2023.12.26"]

1. e4 {[%emt 00:27:38]} c5 {[%emt 00:00:05]} 2. Nf3 {[%emt 00:00:19]} d6 {[%emt
00:00:05]} 3. Bb5+ {[%emt 00:00:18]} Nd7 {[%emt 00:00:06]} 4. c3 {[%emt
00:01:40]} Ngf6 {[%emt 00:00:30]} 5. Qe2 {[%emt 00:01:05]} a6 {[%emt 00:01:10]}
6. Ba4 {[%emt 00:00:46]} b5 {[%emt 00:00:31]} 7. Bc2 {[%emt 00:00:38]} Bb7
{[%emt 00:00:58]} 8. O-O {[%emt 00:03:22]} g6 {[%emt 00:01:01]} 9. d4 {[%emt
00:03:08]} Bg7 {[%emt 00:02:05]} 10. Re1 {[%emt 00:06:02]} cxd4 {[%emt
00:11:50]} 11. cxd4 {[%emt 00:00:16]} e5 {[%emt 00:01:34]} 12. d5 {[%emt
00:07:57]} O-O {[%emt 00:02:23]} 13. a4 {[%emt 00:05:39]} bxa4 {[%emt
00:03:53]} 14. Nc3 {[%emt 00:03:55]} Nc5 {[%emt 00:03:25]} 15. Nxa4 {[%emt
00:05:14]} Nxa4 {[%emt 00:03:59]} 16. Rxa4 {[%emt 00:02:10]} Nd7 {[%emt
00:01:54]} 17. Bd2 {[%emt 00:06:03]} Nc5 {[%emt 00:06:01]} 18. Ra5 {[%emt
00:02:24]} f5 {[%emt 00:07:19]} 19. Ng5 {[%emt 00:13:39]} Bh6 {[%emt 00:23:24]}
20. Ne6 {[%emt 00:08:29]} Nxe6 {[%emt 00:00:56]} 21. Bxh6 {[%emt 00:02:57]} Nd4
{[%emt 00:05:25]} 22. Qd2 {[%emt 00:06:58]} Nxc2 {[%emt 00:01:16]} 23. Rc1
{[%emt 00:00:42]} Nd4 {[%emt 00:01:02]} 24. Ra3 {[%emt 00:02:47]} Rf7 {[%emt
00:01:43]} 25. Bg5 {[%emt 00:07:32]} Qb6 {[%emt 00:03:05]} 26. Qd3 {[%emt
00:03:04]} f4 {[%emt 00:02:00]} 27. h4 {[%emt 00:03:10]} Rc7 {[%emt 00:02:20]}
28. Rxc7 {[%emt 00:00:52]} Qxc7 {[%emt 00:00:05]} 29. Rc3 {[%emt 00:00:05]} Qd7
{[%emt 00:00:25]} 30. f3 {[%emt 00:00:44]} Rc8 {[%emt 00:00:26]} 31. Bxf4
{[%emt 00:01:30]} Rxc3 {[%emt 00:04:06]} 32. bxc3 {[%emt 00:00:23]} Qb5 {[%emt
00:00:10]} 33. c4 {[%emt 00:01:14]} Qb3 {[%emt 00:01:58]} 34. Qd2 {[%emt
00:00:51]} exf4 {[%emt 00:02:16]} 35. Qa5 {[%emt 00:01:08]} Qe3+ {[%emt
00:06:37]} 36. Kh1 {[%emt 00:01:01]} Nxf3 {[%emt 00:00:14]} 37. Qd8+ {[%emt
00:00:08]} Kg7 {[%emt 00:00:06]} 38. Qe7+ {[%emt 00:00:42]} Kh6 {[%emt
00:00:04]} 39. gxf3 {[%emt 00:00:44]} Qxf3+ {[%emt 00:00:05]} 40. Kg1 {[%emt
00:00:19]} Qg3+ {[%emt 00:00:37]} 41. Kf1 {[%emt 00:00:59]} f3 {[%emt
00:02:39]} 0-1

[Event "DVM U20 2023"]
[Site "Magdeburg GER"]
[Date "2023.12.27"]
[Round "2"]
[White "Nizamova, Rita"]
[Black "Poggemann, Alexander"]
[Result "1/2-1/2"]
[Termination "normal"]
[Board "5.4"]
[WhiteElo "1794"]
[BlackElo "1750"]
[WhiteClock "00:47:57"]
[BlackClock "00:29:07"]
[WhiteTeam "KSV Rochade Göttingen (Veltheim)"]
[BlackTeam "SV Hemer 1932"]
[PlyCount "46"]
[WhiteFideId "16221940"]
[BlackFideId "16224167"]
[EventCountry "GER"]
[EventRounds "7"]
[EventType "team-swiss"]
[EventDate "2023.12.26"]

1. e4 {[%clk 01:30:59]} {[%emt 00:00:02]} e5 {[%clk 01:30:47]} {[%emt
00:00:13]} 2. Nc3 {[%clk 01:31:25]} {[%emt 00:00:04]} Nf6 {[%clk 01:30:54]}
{[%emt 00:00:23]} 3. g3 {[%clk 01:31:51]} {[%emt 00:00:04]} d5 {[%clk
01:31:00]} {[%emt 00:00:22]} 4. exd5 {[%clk 01:32:17]} {[%emt 00:00:04]} Nxd5
{[%clk 01:31:21]} {[%emt 00:00:09]} 5. Bg2 {[%clk 01:32:45]} {[%emt 00:00:04]}
Nxc3 {[%clk 01:31:28]} {[%emt 00:00:23]} 6. bxc3 {[%clk 01:33:13]} Nc6 {[%clk
01:31:27]} {[%emt 00:00:31]} 7. Nf3 {[%clk 01:33:38]} {[%emt 00:00:05]} Bc5
{[%clk 01:31:13]} {[%emt 00:00:43]} 8. O-O {[%clk 01:33:56]} {[%emt 00:00:14]}
O-O {[%clk 01:31:05]} {[%emt 00:00:37]} 9. Re1 {[%clk 01:33:42]} {[%emt
00:00:44]} Bb6 {[%clk 01:30:22]} {[%emt 00:01:11]} 10. Nxe5 {[%clk 01:22:43]}
{[%emt 00:11:30]} Nxe5 {[%clk 01:30:29]} {[%emt 00:00:23]} 11. Rxe5 {[%clk
01:23:00]} {[%emt 00:00:14]} Bxf2+ {[%clk 01:30:52]} {[%emt 00:00:06]} 12. Kh1
{[%clk 01:23:25]} {[%emt 00:00:05]} Bb6 {[%clk 01:16:43]} {[%emt 00:14:39]} 13.
d4 {[%clk 01:21:53]} {[%emt 00:02:03]} c6 {[%clk 01:15:54]} {[%emt 00:01:20]}
14. Qe1 {[%clk 01:17:42]} {[%emt 00:04:41]} Bc7 {[%clk 01:13:38]} {[%emt
00:02:44]} 15. Re3 {[%clk 01:16:56]} {[%emt 00:01:18]} Be6 {[%clk 01:03:52]}
{[%emt 00:10:15]} 16. a4 {[%clk 01:13:56]} {[%emt 00:03:30]} Qd7 {[%clk
01:01:23]} {[%emt 00:02:59]} 17. Rb1 {[%clk 01:09:22]} {[%emt 00:05:03]} b6
{[%clk 00:58:57]} {[%emt 00:02:57]} 18. Ba3 {[%clk 01:04:01]} {[%emt 00:05:51]}
Rfe8 {[%clk 00:58:52]} {[%emt 00:00:37]} 19. a5 {[%clk 00:57:08]} {[%emt
00:07:22]} Bc4 {[%clk 00:48:46]} {[%emt 00:10:35]} 20. Re7 {[%clk 00:49:10]}
{[%emt 00:08:29]} Rxe7 {[%clk 00:46:10]} {[%emt 00:03:07]} 21. Qxe7 {[%clk
00:49:31]} {[%emt 00:00:09]} Qxe7 {[%clk 00:45:58]} {[%emt 00:00:42]} 22. Bxe7
{[%clk 00:50:00]} {[%emt 00:00:02]} Re8 {[%clk 00:40:37]} {[%emt 00:05:49]} 23.
axb6 {[%clk 00:47:57]} {[%emt 00:02:33]} Bxb6 {[%clk 00:29:07]} {[%emt
00:11:59]} 1/2-1/2

[Event "DVM U20 2023"]
[Site "Magdeburg GER"]
[Date "2023.12.27"]
[Round "2"]
[White "Jagodzinsky, Lukas"]
[Black "Tulchynsky, David"]
[Result "0-1"]
[Termination "normal"]
[Board "5.5"]
[WhiteElo "1449"]
[BlackElo "1748"]
[WhiteClock "00:37:15"]
[BlackClock "00:38:32"]
[WhiteTeam "SV Hemer 1932"]
[BlackTeam "KSV Rochade Göttingen (Veltheim)"]
[PlyCount "74"]
[WhiteFideId "16233255"]
[BlackFideId "16289560"]
[EventCountry "GER"]
[EventRounds "7"]
[EventType "team-swiss"]
[EventDate "2023.12.26"]

1. d4 {[%clk 01:30:58]} {[%emt 00:00:03]} Nf6 {[%clk 01:30:52]} {[%emt
00:00:08]} 2. c4 {[%clk 01:30:57]} {[%emt 00:00:30]} g6 {[%clk 01:31:02]}
{[%emt 00:00:21]} 3. Nc3 {[%clk 01:30:51]} {[%emt 00:00:35]} Bg7 {[%clk
01:31:21]} {[%emt 00:00:11]} 4. e4 {[%clk 01:30:06]} {[%emt 00:01:15]} d6
{[%clk 01:30:59]} {[%emt 00:00:52]} 5. Nf3 {[%clk 01:30:06]} {[%emt 00:00:30]}
O-O {[%clk 01:31:00]} {[%emt 00:00:30]} 6. Be2 {[%clk 01:29:29]} {[%emt
00:01:05]} Nbd7 {[%clk 01:29:10]} {[%emt 00:02:20]} 7. O-O {[%clk 01:29:26]}
{[%emt 00:00:33]} e5 {[%clk 01:29:35]} {[%emt 00:00:05]} 8. d5 {[%clk
01:28:32]} {[%emt 00:01:25]} a5 {[%clk 01:29:44]} {[%emt 00:00:21]} 9. h3
{[%clk 01:23:16]} {[%emt 00:05:46]} Nh5 {[%clk 01:28:04]} {[%emt 00:02:09]} 10.
Bd2 {[%clk 01:20:57]} {[%emt 00:02:48]} Nc5 {[%clk 01:20:22]} {[%emt 00:08:13]}
11. Qc2 {[%clk 01:18:10]} {[%emt 00:03:16]} Nf4 {[%clk 01:20:18]} {[%emt
00:00:33]} 12. Rab1 {[%clk 01:16:07]} {[%emt 00:02:34]} f5 {[%clk 01:20:12]}
{[%emt 00:00:36]} 13. Bxf4 {[%clk 01:12:16]} {[%emt 00:04:20]} exf4 {[%clk
01:20:36]} {[%emt 00:00:06]} 14. Bd3 {[%clk 01:11:35]} {[%emt 00:01:12]} Bxc3
{[%clk 01:17:13]} {[%emt 00:03:52]} 15. bxc3 {[%clk 01:11:35]} {[%emt
00:00:32]} fxe4 {[%clk 01:17:39]} {[%emt 00:00:02]} 16. Bxe4 {[%clk 01:10:10]}
{[%emt 00:01:55]} Nxe4 {[%clk 01:18:03]} {[%emt 00:00:05]} 17. Qxe4 {[%clk
01:07:36]} {[%emt 00:03:04]} Bf5 {[%clk 01:18:15]} {[%emt 00:00:18]} 18. Qe2
{[%clk 01:05:20]} {[%emt 00:02:46]} Bxb1 {[%clk 01:18:41]} {[%emt 00:00:04]}
19. Rxb1 {[%clk 01:05:44]} {[%emt 00:00:06]} b6 {[%clk 01:15:07]} {[%emt
00:04:04]} 20. Nd4 {[%clk 01:04:35]} {[%emt 00:01:40]} Qf6 {[%clk 01:14:40]}
{[%emt 00:00:55]} 21. Re1 {[%clk 01:00:39]} {[%emt 00:04:27]} Qf7 {[%clk
01:04:25]} {[%emt 00:10:46]} 22. Ne6 {[%clk 01:00:01]} {[%emt 00:01:07]} Rfe8
{[%clk 01:02:29]} {[%emt 00:02:26]} 23. Qg4 {[%clk 00:59:07]} {[%emt 00:01:24]}
Qf5 {[%clk 00:48:59]} {[%emt 00:13:59]} 24. Qxf5 {[%clk 00:55:30]} {[%emt
00:04:07]} gxf5 {[%clk 00:49:12]} {[%emt 00:00:18]} 25. Rd1 {[%clk 00:49:39]}
{[%emt 00:06:22]} Rxe6 {[%clk 00:37:47]} {[%emt 00:11:54]} 26. dxe6 {[%clk
00:49:37]} {[%emt 00:00:31]} Re8 {[%clk 00:38:14]} {[%emt 00:00:05]} 27. Re1
{[%clk 00:46:12]} {[%emt 00:03:53]} Kg7 {[%clk 00:38:35]} {[%emt 00:00:08]} 28.
g4 {[%clk 00:44:23]} {[%emt 00:02:18]} fxg3 {[%clk 00:37:51]} {[%emt 00:01:16]}
29. fxg3 {[%clk 00:42:53]} {[%emt 00:01:59]} Kf6 {[%clk 00:38:16]} {[%emt
00:00:05]} 30. e7 {[%clk 00:42:09]} {[%emt 00:01:15]} Rxe7 {[%clk 00:38:41]}
{[%emt 00:00:04]} 31. Rxe7 {[%clk 00:42:24]} {[%emt 00:00:15]} Kxe7 {[%clk
00:39:07]} {[%emt 00:00:04]} 32. Kf2 {[%clk 00:42:34]} {[%emt 00:00:20]} Ke6
{[%clk 00:38:33]} {[%emt 00:01:05]} 33. Ke3 {[%clk 00:42:03]} {[%emt 00:01:00]}
Ke5 {[%clk 00:38:44]} {[%emt 00:00:19]} 34. a4 {[%clk 00:42:10]} {[%emt
00:00:23]} c6 {[%clk 00:38:45]} {[%emt 00:00:29]} 35. h4 {[%clk 00:42:08]}
{[%emt 00:00:32]} d5 {[%clk 00:37:46]} {[%emt 00:01:29]} 36. cxd5 {[%clk
00:40:01]} {[%emt 00:02:37]} Kxd5 {[%clk 00:38:09]} {[%emt 00:00:06]} 37. Kf4
{[%clk 00:37:15]} {[%emt 00:03:16]} b5 {[%clk 00:38:32]} {[%emt 00:00:07]} 0-1

[Event "DVM U20 2023"]
[Site "Magdeburg GER"]
[Date "2023.12.27"]
[Round "2"]
[White "Tulchynsky, Mark"]
[Black "Senel, Serdar"]
[Result "1-0"]
[Termination "normal"]
[Board "5.6"]
[WhiteElo "1625"]
[BlackElo "1019"]
[WhiteClock "01:08:36"]
[BlackClock "00:53:43"]
[WhiteTeam "KSV Rochade Göttingen (Veltheim)"]
[BlackTeam "SV Hemer 1932"]
[PlyCount "41"]
[WhiteFideId "34617698"]
[BlackFideId "34608796"]
[EventCountry "GER"]
[EventRounds "7"]
[EventType "team-swiss"]
[EventDate "2023.12.26"]

1. e4 {[%clk 01:30:58]} e5 {[%clk 01:30:54]} {[%emt 00:00:07]} 2. f4 {[%clk
01:31:22]} {[%emt 00:00:07]} d5 {[%clk 01:31:09]} {[%emt 00:00:14]} 3. exd5
{[%clk 01:31:46]} {[%emt 00:00:07]} exf4 {[%clk 01:31:23]} {[%emt 00:00:16]} 4.
Nf3 {[%clk 01:31:11]} {[%emt 00:01:06]} Nf6 {[%clk 01:31:14]} {[%emt 00:00:39]}
5. d4 {[%clk 01:30:48]} {[%emt 00:00:52]} Nxd5 {[%clk 01:31:04]} {[%emt
00:00:39]} 6. Bc4 {[%clk 01:28:05]} {[%emt 00:03:13]} Be6 {[%clk 01:30:44]}
{[%emt 00:00:49]} 7. Bb3 {[%clk 01:22:12]} {[%emt 00:06:24]} Bb4+ {[%clk
01:27:27]} {[%emt 00:03:44]} 8. c3 {[%clk 01:22:11]} {[%emt 00:00:34]} Bd6
{[%clk 01:27:50]} {[%emt 00:00:07]} 9. O-O {[%clk 01:21:04]} {[%emt 00:01:38]}
O-O {[%clk 01:27:39]} {[%emt 00:00:40]} 10. c4 {[%clk 01:21:01]} {[%emt
00:00:33]} Ne3 {[%clk 01:26:40]} {[%emt 00:01:29]} 11. Bxe3 {[%clk 01:21:22]}
{[%emt 00:00:07]} fxe3 {[%clk 01:27:00]} {[%emt 00:00:11]} 12. Qd3 {[%clk
01:16:43]} {[%emt 00:05:08]} Re8 {[%clk 01:19:11]} {[%emt 00:08:19]} 13. Nc3
{[%clk 01:09:28]} {[%emt 00:07:45]} Bg4 {[%clk 01:18:03]} {[%emt 00:01:38]} 14.
Rae1 {[%clk 01:06:49]} {[%emt 00:03:09]} Bxf3 {[%clk 01:14:05]} {[%emt
00:04:29]} 15. Rxf3 {[%clk 01:06:43]} {[%emt 00:00:36]} Bxh2+ {[%clk 01:03:25]}
{[%emt 00:11:10]} 16. Kxh2 {[%clk 01:07:07]} {[%emt 00:00:06]} Qh4+ {[%clk
00:57:56]} {[%emt 00:05:59]} 17. Rh3 {[%clk 01:07:36]} {[%emt 00:00:02]} Qxe1
{[%clk 00:55:34]} {[%emt 00:02:52]} 18. Qxh7+ {[%clk 01:08:01]} {[%emt
00:00:04]} Kf8 {[%clk 00:55:41]} {[%emt 00:00:23]} 19. Nd5 {[%clk 01:08:27]}
{[%emt 00:00:05]} f6 {[%clk 00:53:24]} {[%emt 00:02:47]} 20. Qg6 {[%clk
01:08:38]} {[%emt 00:00:19]} Nd7 {[%clk 00:53:43]} {[%emt 00:00:11]} 21. Rh8#
{[%clk 01:08:36]} {[%emt 00:00:02]} 1-0

[Event "DVM U20 2023"]
[Site "Magdeburg GER"]
[Date "2023.12.27"]
[Round "2"]
[White "Sohr, Jim"]
[Black "Geltz, Noah"]
[Result "0-1"]
[Termination "normal"]
[Board "6.1"]
[WhiteElo "1979"]
[BlackElo "2166"]
[WhiteClock "00:14:14"]
[BlackClock "00:42:15"]
[WhiteTeam "SV Königsjäger Süd-West"]
[BlackTeam "SF HN-Biberach 1978"]
[PlyCount "52"]
[WhiteFideId "16245105"]
[BlackFideId "16224256"]
[EventCountry "GER"]
[EventRounds "7"]
[EventType "team-swiss"]
[EventDate "2023.12.26"]

1. d4 {[%clk 01:30:51]} {[%emt 00:00:10]} d5 {[%clk 01:30:51]} {[%emt
00:00:08]} 2. c4 {[%clk 01:31:17]} {[%emt 00:00:05]} c6 {[%clk 01:30:54]}
{[%emt 00:00:26]} 3. cxd5 {[%clk 01:31:24]} {[%emt 00:00:23]} cxd5 {[%clk
01:31:16]} {[%emt 00:00:08]} 4. Nc3 {[%clk 01:31:50]} {[%emt 00:00:04]} Nc6
{[%clk 01:31:16]} {[%emt 00:00:29]} 5. Bf4 {[%clk 01:31:58]} {[%emt 00:00:21]}
Nf6 {[%clk 01:31:23]} {[%emt 00:00:23]} 6. e3 {[%clk 01:32:14]} {[%emt
00:00:15]} a6 {[%clk 01:31:37]} {[%emt 00:00:16]} 7. Bd3 {[%clk 01:32:20]}
{[%emt 00:00:24]} Bg4 {[%clk 01:30:44]} {[%emt 00:01:22]} 8. Nge2 {[%clk
01:32:18]} {[%emt 00:00:32]} e6 {[%clk 01:29:08]} {[%emt 00:02:05]} 9. h3
{[%clk 01:31:45]} {[%emt 00:01:04]} Bh5 {[%clk 01:27:52]} {[%emt 00:01:46]} 10.
O-O {[%clk 01:31:00]} {[%emt 00:01:15]} Bd6 {[%clk 01:24:39]} {[%emt 00:03:43]}
11. Qd2 {[%clk 01:31:18]} {[%emt 00:00:12]} O-O {[%clk 01:23:08]} {[%emt
00:02:00]} 12. Bxd6 {[%clk 01:23:07]} {[%emt 00:08:41]} Qxd6 {[%clk 01:23:32]}
{[%emt 00:00:06]} 13. Nf4 {[%clk 01:23:18]} {[%emt 00:00:19]} Bg6 {[%clk
01:23:55]} {[%emt 00:00:07]} 14. Nxg6 {[%clk 01:23:08]} {[%emt 00:00:39]} hxg6
{[%clk 01:24:18]} {[%emt 00:00:07]} 15. Na4 {[%clk 01:12:20]} {[%emt 00:11:19]}
e5 {[%clk 01:10:49]} {[%emt 00:13:58]} 16. dxe5 {[%clk 01:05:06]} {[%emt
00:07:45]} Qxe5 {[%clk 01:11:11]} {[%emt 00:00:07]} 17. Qc3 {[%clk 00:52:35]}
{[%emt 00:13:02]} d4 {[%clk 00:48:02]} {[%emt 00:23:39]} 18. exd4 {[%clk
00:52:15]} {[%emt 00:00:50]} Nxd4 {[%clk 00:48:19]} {[%emt 00:00:12]} 19. Qc5
{[%clk 00:43:23]} {[%emt 00:09:22]} Qf4 {[%clk 00:47:11]} {[%emt 00:01:37]} 20.
Nc3 {[%clk 00:38:07]} {[%emt 00:05:46]} Rac8 {[%clk 00:44:47]} {[%emt
00:02:56]} 21. Qb6 {[%clk 00:29:34]} {[%emt 00:09:03]} Nd7 {[%clk 00:42:43]}
{[%emt 00:02:33]} 22. Nd5 {[%clk 00:19:11]} {[%emt 00:10:54]} Nf3+ {[%clk
00:43:08]} {[%emt 00:00:05]} 23. gxf3 {[%clk 00:17:54]} {[%emt 00:01:47]} Qg5+
{[%clk 00:43:34]} {[%emt 00:00:05]} 24. Kh1 {[%clk 00:14:19]} {[%emt 00:04:03]}
Nxb6 {[%clk 00:43:55]} {[%emt 00:00:10]} 25. Nxb6 {[%clk 00:14:40]} {[%emt
00:00:10]} Rc6 {[%clk 00:43:39]} {[%emt 00:00:45]} 26. Nc4 {[%clk 00:14:14]}
{[%emt 00:00:56]} Qd5 {[%clk 00:42:15]} {[%emt 00:01:54]} 0-1